MARC

LEADER 00000nam0a2200000 4500
001 53098
005 20231031044340.0
035 |a (RuTPU)RU\TPU\book\55678 
090 |a 53098 
100 |a 20030611d1962 m y0rusy50 ca 
101 0 |a rus 
102 |a RU 
105 |a a j 001zy 
200 1 |a Краткий курс общей петрографии  |e учебное пособие  |f В. В. Зубков 
205 |a 3-е изд., перераб. и доп. 
210 |a Москва  |c Госгортехиздат  |d 1962 
215 |a 240 с.  |c ил. 
320 |a Библиогр.: с. 230-233. 
610 1 |a петрография 
610 1 |a кристаллооптика 
610 1 |a петрохимия 
610 1 |a горные породы 
610 1 |a изверженные горные породы 
610 1 |a осадочные породы 
610 1 |a метаморфические породы 
610 1 |a история 
610 1 |a учебники 
675 |a 552(075.8)  |v 3 
700 1 |a Зубков  |b В. В.  |g Василий Васильевич 
801 1 |a RU  |b 63413507  |c 20030611  |g PSBO 
801 2 |a RU  |b 63413507  |c 20190627  |g PSBO 
942 |c BK